evaluating effectiveness of differnt seeders and effects of weed control on phka rumduol rice yield.ការវាយតម្លៃពីប្រសិទ្ធភាពនៃឧស្ម័នឧបករណ៍ដាំគ្រាប់ស្រូវផ្សេងគ្នា និង‌ឥទ្ធីពលនៃការគ្រប់គ្រងស្មៅលើទិន្ធផលស្រូវផ្ការំដួល (Record no. 20239)

000 -LEADER
fixed length control field 00848nam a22001577a 4500
003 - CONTROL NUMBER IDENTIFIER
control field LRUA
005 - DATE AND TIME OF LATEST TRANSACTION
control field 20220808152136.0
008 - FIXED-LENGTH DATA ELEMENTS--GENERAL INFORMATION
fixed length control field 220808b xxu||||| |||| 00| 0 eng d
040 ## - CATALOGING SOURCE
Transcribing agency RUA
082 ## - DEWEY DECIMAL CLASSIFICATION NUMBER
Edition number AGE SAL 2019 B659 Or.
100 ## - MAIN ENTRY--PERSONAL NAME
9 (RLIN) 15018
Personal name SALES MATLY,សាឡេស ម៉ាត់លី
245 ## - TITLE STATEMENT
Title evaluating effectiveness of differnt seeders and effects of weed control on phka rumduol rice yield.ការវាយតម្លៃពីប្រសិទ្ធភាពនៃឧស្ម័នឧបករណ៍ដាំគ្រាប់ស្រូវផ្សេងគ្នា និង‌ឥទ្ធីពលនៃការគ្រប់គ្រងស្មៅលើទិន្ធផលស្រូវផ្ការំដួល
260 ## - PUBLICATION, DISTRIBUTION, ETC. (IMPRINT)
Place of publication, distribution, etc. phnom penh
Name of publisher, distributor, etc. RUA
Date of publication, distribution, etc. 2019
300 ## - PHYSICAL DESCRIPTION
Extent ill,
Other physical details xiii,71p.,
Dimensions 29cm,
942 ## - ADDED ENTRY ELEMENTS (KOHA)
Source of classification or shelving scheme
Koha item type AGE
Holdings
Price effective from Date last seen Permanent Location Not for loan Date acquired Source of classification or shelving scheme Koha item type Barcode Lost status Damaged status Shelving location Withdrawn status Current Location Full call number
2022-08-082022-08-08Library Block B 2022-08-08 AGEA069318  B659 Library Block BAGE SAL 2019 B659 Or.
2022-08-082022-08-08Library Block B 2022-08-08 AGEA069410  B659 Library Block BAGE SAL 2019 B659 Or.
2022-08-082022-08-08Library Block B 2022-08-08 AGEA069386  B659 Library Block BAGE SAL 2019 B659 Or.
2022-08-082022-08-08Library Block B 2022-08-08 AGEA069166  B659 Library Block BAGE SAL 2019 B659 Or.
2022-08-082022-08-08Library Block B 2022-08-08 AGEA069254  B659 Library Block BAGE SAL 2019 B659 Or.
មជ្ឈមណ្ឌលឯការនៃសាកលវិទ្យាល័យភូមិន្ទកសិកម្មចំការដូង

Powered by Koha